Školské zbierky ako predchodcovia múzeí

Bibliographic Details
Main Author: Sabol, Eugen, 1914-1989 (Author)
Format: Article
Language:Slovak

MARC

LEADER 00000nab a2200000ua 4500
001 vtls010790841
003 SK-MaSNL
005 20260303120301.0
008 230131s1956 xo |||||||||||||||||slo|
035 |a (urnnbn)urn:nbn:sk:snk:ar-a02sov 
035 |a (uuid)e7c8eacd-debb-4627-ac7c-de500b855693 
035 |a urn:nbn:sk:snk-ab4nvy 
040 |a SNKBUCL  |b slo  |c SNKBUCL  |e AACR2 
041 0 |a slo 
044 |a xo  |c SK 
100 1 |a Sabol, Eugen,  |d 1914-1989  |4 aut  |9 187122 
245 1 0 |a Školské zbierky ako predchodcovia múzeí  |c Eugen Saból 
773 0 |t Múzeum : študijný a informačný materiál  |g Roč. 3, č. 1 - 2 (1956), s. 10-17 
954 |a odborná, vedecká literatúra pôvodná (slovenská)  |2 lita 
958 |a OND 
958 |a EUIPO 
958 |a article3 
999 |c 1908605  |d 1910535